UX Research aneb tipy na minimální životaschopný uživatelský výzkum v kontextu bankovní aplikace

Kvalitatívny výskum môže byť ćasosov náročný, ale v skutočnosti stačí viesť rozhovor s iba piatimi ľuďmi. Dostanete sa do bodu, kedy sa vaše poznatky z výskumu, nápady a inšpirácie začnú vracať. To samozrejme závisí výhradne na tom, či nájdete odpovedajúce cieľové skupiny, teda respondentov. Definov...

Full description

Saved in:
Bibliographic Details
Main Author: Jílková, Petra
Format: Book Chapter
Language:Czech
Subjects:
Tags: Add Tag
No Tags, Be the first to tag this record!

MARC

LEADER 00000naa a2200000 4500
001 0297947
005 20240417075258.7
041 0 |a cze 
044 |a CZ 
245 1 0 |a UX Research aneb tipy na minimální životaschopný uživatelský výzkum v kontextu bankovní aplikace  |c Petra Jílková 
520 |a Kvalitatívny výskum môže byť ćasosov náročný, ale v skutočnosti stačí viesť rozhovor s iba piatimi ľuďmi. Dostanete sa do bodu, kedy sa vaše poznatky z výskumu, nápady a inšpirácie začnú vracať. To samozrejme závisí výhradne na tom, či nájdete odpovedajúce cieľové skupiny, teda respondentov. Definovanie používateľského výskumu. Rozdiel medzi používateľským výskumom a používateľským testovaním. 
610 2 0 |a výskum kvalitatívny 
610 2 0 |a rozhovor 
610 2 0 |a technológie nové 
610 2 0 |a dáta 
100 1 |a Jílková, Petra